<?xml version="1.0" encoding="UTF-8"?><?xml-stylesheet type="text/xsl" href="static/style.xsl"?><OAI-PMH xmlns="http://www.openarchives.org/OAI/2.0/" xmlns:xsi="http://www.w3.org/2001/XMLSchema-instance" xsi:schemaLocation="http://www.openarchives.org/OAI/2.0/ http://www.openarchives.org/OAI/2.0/OAI-PMH.xsd"><responseDate>2026-04-17T04:07:23Z</responseDate><request verb="GetRecord" identifier="oai:www.recercat.cat:2445/225193" metadataPrefix="marc">https://recercat.cat/oai/request</request><GetRecord><record><header><identifier>oai:recercat.cat:2445/225193</identifier><datestamp>2026-04-07T20:16:44Z</datestamp><setSpec>com_2072_1057</setSpec><setSpec>col_2072_478917</setSpec><setSpec>col_2072_478924</setSpec></header><metadata><record xmlns="http://www.loc.gov/MARC21/slim" xmlns:dcterms="http://purl.org/dc/terms/" xmlns:xsi="http://www.w3.org/2001/XMLSchema-instance" xmlns:doc="http://www.lyncode.com/xoai" xsi:schemaLocation="http://www.loc.gov/MARC21/slim http://www.loc.gov/standards/marcxml/schema/MARC21slim.xsd">
   <leader>00925njm 22002777a 4500</leader>
   <datafield ind2=" " ind1=" " tag="042">
      <subfield code="a">dc</subfield>
   </datafield>
   <datafield ind2=" " ind1=" " tag="720">
      <subfield code="a">Luque Corredera, Carlos</subfield>
      <subfield code="e">author</subfield>
   </datafield>
   <datafield ind2=" " ind1=" " tag="720">
      <subfield code="a">Kyvik, Adriana R.</subfield>
      <subfield code="e">author</subfield>
   </datafield>
   <datafield ind2=" " ind1=" " tag="720">
      <subfield code="a">Pulido, Daniel</subfield>
      <subfield code="e">author</subfield>
   </datafield>
   <datafield ind2=" " ind1=" " tag="720">
      <subfield code="a">Royo Expósito, Miriam</subfield>
      <subfield code="e">author</subfield>
   </datafield>
   <datafield ind2=" " ind1=" " tag="720">
      <subfield code="a">Veciana, Jaume</subfield>
      <subfield code="e">author</subfield>
   </datafield>
   <datafield ind2=" " ind1=" " tag="720">
      <subfield code="a">Guasch, Judith</subfield>
      <subfield code="e">author</subfield>
   </datafield>
   <datafield ind2=" " ind1=" " tag="720">
      <subfield code="a">Ratera, Imma</subfield>
      <subfield code="e">author</subfield>
   </datafield>
   <datafield ind2=" " ind1=" " tag="260">
      <subfield code="c">2026-01-09T10:06:26Z</subfield>
   </datafield>
   <datafield ind2=" " ind1=" " tag="260">
      <subfield code="c">2026-01-09T10:06:26Z</subfield>
   </datafield>
   <datafield ind2=" " ind1=" " tag="260">
      <subfield code="c">2018-04-04</subfield>
   </datafield>
   <datafield ind2=" " ind1=" " tag="260">
      <subfield code="c">2026-01-09T10:06:26Z</subfield>
   </datafield>
   <datafield ind2=" " ind1=" " tag="520">
      <subfield code="a">Les monocapes auto-enssemblades que responen als estímuls (SAM's), s’utilitzen per conferir canvis físics, químics o propietatsbiològiques a les superfícies mitjançant l'aplicació de estímuls externs. Les SAM's preparades en aquest treball han sigut impresses permicrocontacte d’una hidroquinona (molècula que s’utilitza com a interfície dinàmica) per a la immobilització de diferents molèculesfuncionals, mitjançant la reacció de Diels - Alder o reaccions d'addició de tipus Michael. La interacció molecular s'activa i es modula amb unpetit potencial electrònic. L' aplicabilitat d'aquest tipus de superfícies abarquen una gran diversitat de camps: des de la detecció molecular,fins a la biomedicina passant per l’emmagatzematge o neteja de dades (per comentar-ne algunes aplicacions). En aquest treball es realitzauna comparació directa de les dues estratègies de funcionalització a la capa metàlica d'or. Tot i que l’addició de Michael requereixmolècules que siguin comercials o que siguin fàcil de preparar des d'un punt de vista sintètic en comparació amb els derivats deciclopentadien necessaris per a la reacció de Diels-Alder, aquesta última reacció produeix cobertures més homogènies en condicionsexperimentals similars. El treball, per tant, descriu una comparativa detallada de les dues tècniques, per funcionalizar aquestes superfíciesde reconeixement i fixació molecular. Adjunto l'article científic, perquè sigui visible.</subfield>
   </datafield>
   <datafield tag="653" ind2=" " ind1=" ">
      <subfield code="a">Síntesi orgànica</subfield>
   </datafield>
   <datafield tag="653" ind2=" " ind1=" ">
      <subfield code="a">Nanomedicina</subfield>
   </datafield>
   <datafield tag="653" ind2=" " ind1=" ">
      <subfield code="a">Organic synthesis</subfield>
   </datafield>
   <datafield tag="653" ind2=" " ind1=" ">
      <subfield code="a">Nanomedicine</subfield>
   </datafield>
   <datafield ind2="0" ind1="0" tag="245">
      <subfield code="a">Stimuli-Responsive Functionalization Strategies to Spatially and Temporally Control Surface Properties: Michael vs DielsAlder Type Additions</subfield>
   </datafield>
</record></metadata></record></GetRecord></OAI-PMH>